Semana en honor del Angélico joven S. Luis Gonzaga. Compuesta por un indigno esclavo del mismo santo

Detalles Bibliográficos
Formato: Libro
Lenguaje:Spanish
Publicado: reimpresa en México : en la imprenta del Br. D. Joseph Fernandez de Jauregui, 1800.
Materias:
Colección:Banco de datos
Acervo:Biblioteca de la Orden de Carmelitas Descalzas de San José y Santa Teresa de Puebla. Puebla
Descripción Física:[15] h. ; 32°
Tema general:Ascética
Notas:Portada tipográfica con viñeta en grabado xilográfico. Incluye ilustración en grabado xilografico. Incluye cabecera de título en grabado xilográfico. Incluye capitular en grabado xilográfico
LEADER 00870nam a22001690004500
035 |a 288 
041 0 |a spa 
245 1 0 |a Semana en honor del Angélico joven S. Luis Gonzaga. Compuesta por un indigno esclavo del mismo santo 
260 |a reimpresa en México : en la imprenta del Br. D. Joseph Fernandez de Jauregui, 1800. 
300 |a [15] h. ; 32° 
500 |a Portada tipográfica con viñeta en grabado xilográfico. Incluye ilustración en grabado xilografico. Incluye cabecera de título en grabado xilográfico. Incluye capitular en grabado xilográfico 
501 |a 22 obras 
650 1 0 |a Ascética 
949 |a Fondo Bibliográfico Antiguo de las Carmelitas Descalzas de San José y Santa Teresa, Puebla, Puebla 20-J 
942 |c CARMELITAS 
943 |g Biblioteca de la Orden de Carmelitas Descalzas de San José y Santa Teresa de Puebla. Puebla 
999 |c 950747  |d 950747